| 000 | 05653nam a22005657a 4500 | ||
|---|---|---|---|
| 005 | 20120117102045.0 | ||
| 010 | _aB-469393-421 | ||
| 020 |
_a8173011812 _c140.00 |
||
| 020 |
_a9781730118128 _c140.00 |
||
| 035 | _aB-469393-421 | ||
| 037 |
_aDPL _bBlue Berry/Ven |
||
| 082 | _a509 | ||
| 100 |
_aChawla, Anuj _954331 |
||
| 245 |
_aDiscoveries / _cby Anuj Chawla |
||
| 260 |
_aNew Delhi _bDreamland _c2009 |
||
| 270 |
_aJ-128, Kirti Nagar _bNew Delhi _e110015 _k011-25106050 _l011-25438283 _mdreamland@vsnl.com |
||
| 300 |
_a64p. _bCOL.ill _c28 cm |
||
| 490 |
_aKnow About Science _954332 |
||
| 942 |
_2ddc _cCH _mCHA _h509 |
||
| 999 |
_c61032 _d61032 |
||